000 01279nam0a22003011 4500
001 rc\2906918
005 20250806211310.0
035 _a(NLR Aleph) 007057889
090 _a49989
_c49989
100 _a20110806d1943 u y0rusy50 ca
101 0 _ager
_arus
102 _aRU
105 _ay z |||||
200 1 _aDeutsch an Hochschulen für Fernunterricht
_dУчебник немецкого языка
_eДля вузов и втузов заоч. обуч.
_eДопущен ВКВШ при СНК СССР
_iСловарь к выпускам V-VI
_fСост. О.М. Белостоцкой и Э.Л. Кисловой
_gПод ред. В.А. Зеленской
210 _a[Москва]
_cБ. и.
_d[1943]
215 _a16 с.
_d22 см
300 _aБез обл. и тит. л.
510 0 0 _aУчебник немецкого языка
_eДля вузов и втузов заоч. обуч.
700 1 _aБелостоцкая
_bО.М.
_gОльга Марковна
701 1 _aКислова
_bЭ.Л.
702 1 _aЗеленская
_bВ.А.
_4340
801 0 _aRU
_bNLR
_gpsbo
801 1 _aRU
_bELAR
_2rusmarc
852 _aNLR
_jЯ60 Г-6/34
942 _cBOOK
945 _aРоссийская национальная библиотека
980 _aNB
980 _aBV